01529nam a2200373 i 4500003000400000005001700004007000300021008004100024020001800065040003500083041000800118082001700126100004900143245015400192250002300346264003700369300006700406336002700473337003300500338002800533490008300561504004600644521003800690650006200728650004500790650005700835650005600892651004300948700004300991700004701034700004501081942001201126999001701138OSt20210413100629.0ta201202s2020 ck ado er 000 0 spa d a9789586656399 aCO-BoRNBPbspaerdacCO-BoRNBP0 aspa04a303.66bB83p1 aBuitrago Rojas, Andrea Paolaeautora916198013aLa paz desde abajobbreve historia, impacto y participación de los movimientos sociales en ColombiacAndrea Paola Buitrago Rojas … [y otros tres] aEdición especial 1aBogotábSiglo del hombrec2020 a259 páginasbilustraciones, gráficas, fotografíasc24 cm 2rdacontentatextobtxt 2rdamediaasin mediaciónbn 2rdacarrieravolumenbnc0 aPlan Nacional de Lectura y Escritura Leer es mi Cuento / Ministerio de Cultura aIncluye bibliografía al final del texto aRecomendado para público adulto172LEMBaMovimientos sociales xHistoria zColombia 9156420172LEMBaPaz xHistoria zColombia 9161851172LEMBaConflicto armado xHistoria zColombia 923060172LEMBaDerechos humanosxHistoria zColombia 92049514aColombia xCondiciones sociales 936451 aYate Yara, Marco Tulioeautor 91619811 aCundumi Díaz, Marcelinaeautora 91619821 aYaya Cuervo, Rosa Liliaeautora 9161983 2ddccBK c13241d13241